| 000 | 00786nam a2200217 i 4500 | ||
|---|---|---|---|
| 001 | bg | ||
| 100 | 1 | _aSTĘPIEŃ, Tadeusz | |
| 245 | 1 | 0 |
_aPrzestępstwa i wykroczenia skarbowe : _bkomentarz, orzecznictwo sądowe, ustawy i rozporządzenia wykonawcze / _cTadeusz Stępień, Krzysztof Stępień. |
| 250 | _aStan prawny na dzień 15 maja 2000 roku. | ||
| 260 |
_aToruń : _bTowarzystwo Naukowe Organizacji i Kierownictwa "Dom Organizatora", _c2000. |
||
| 300 |
_a377 s. ; _c21 cm. |
||
| 650 | 9 |
_aPrzestępstwa i wykroczenia skarbowe _zPolska _ystan na 2000 r. |
|
| 700 | 1 | _aStępień, Krzysztof | |
| 020 | _a8372850062 | ||
| 040 | _cBPK | ||
| 041 | 0 | _apl | |
| 080 | _a343.35:336.226.33](438) | ||
| 920 | _a83-7285-006-2 | ||
| 942 | _cKS | ||
| 008 | s pl f |000 0 pol | ||
| 999 |
_c38729 _d38729 |
||
| 856 |
_uhttp://koha.tu.koszalin.pl/cgi-bin/koha/opac-detail.pl?biblionumber=38729 _yKatalog online BPK |
||